000 00948cam a22002415a 4500
001 L159226
008 160321s2015 xxk f 000 0 eng d
020 _a9780727741097
035 _a(Sirsi) u159226
041 0 _aeng
050 0 4 _a624.08
100 1 _aForward, Frances
245 0 0 _aNEC3 Compared and Contrasted
250 _a2nd
260 _aLondon
_bICE Publishing
_c2015
300 _axvi, 131p, 24cm
520 _aProvides the latest practical guidance on NEC3 and other relevant industry standard form contracts. Includes advice on deciding which contract to use for a particular project and examines both professional services and construction contracts in the context of partnering. Also includes an overview of international contracts from Hong Kong, Australia, South Africa and Germany.
590 _aKA
651 4 _aUnited Kingdom
651 4 _aInternational
690 _aConstruction management
_96230
942 _n0
999 _c115749
_d115749